В грозный час

গ্রন্থ-পঞ্জীর বিবরন
প্রধান লেখক: Лыков И. С. Иван Семенович
ভাষা:রুশ
প্রকাশিত: Москва, Воениздат, 1986
সংস্করন:2-е изд., испр.
মালা:Военные мемуары
বিষয়গুলি:
বিন্যাস: MixedMaterials গ্রন্থ
KOHA link:https://koha.lib.tpu.ru/cgi-bin/koha/opac-detail.pl?biblionumber=169930

MARC

LEADER 00000nam0a2200000 4500
001 169930
005 20231031163545.0
035 |a (RuTPU)RU\TPU\book\184297 
090 |a 169930 
100 |a 20091118d1986 m y0rusy50 ca 
101 0 |a rus 
102 |a RU 
105 |a a z 000zy 
200 1 |a В грозный час  |f И. С. Лыков 
205 |a 2-е изд., испр. 
210 |a Москва  |c Воениздат  |d 1986 
215 |a 320 с.  |c ил. 
225 1 |a Военные мемуары 
610 1 |a Великая Отечественная война 1941-1945 
610 1 |a танковые армии 
610 1 |a военная история 
675 |a 9(С027  |v 3 
700 1 |a Лыков  |b И. С.  |g Иван Семенович 
801 1 |a RU  |b 63413507  |c 20091118 
942 |c BK